<?xml version="1.0" encoding="UTF-8"?><?xml-stylesheet type="text/xsl" href="static/style.xsl"?><OAI-PMH xmlns="http://www.openarchives.org/OAI/2.0/" xmlns:xsi="http://www.w3.org/2001/XMLSchema-instance" xsi:schemaLocation="http://www.openarchives.org/OAI/2.0/ http://www.openarchives.org/OAI/2.0/OAI-PMH.xsd"><responseDate>2026-04-17T06:38:43Z</responseDate><request verb="GetRecord" identifier="oai:www.recercat.cat:20.500.12327/2879" metadataPrefix="marc">https://recercat.cat/oai/request</request><GetRecord><record><header><identifier>oai:recercat.cat:20.500.12327/2879</identifier><datestamp>2025-10-22T11:25:42Z</datestamp><setSpec>com_2072_4428</setSpec><setSpec>com_2072_4427</setSpec><setSpec>col_2072_487898</setSpec></header><metadata><record xmlns="http://www.loc.gov/MARC21/slim" xmlns:dcterms="http://purl.org/dc/terms/" xmlns:xsi="http://www.w3.org/2001/XMLSchema-instance" xmlns:doc="http://www.lyncode.com/xoai" xsi:schemaLocation="http://www.loc.gov/MARC21/slim http://www.loc.gov/standards/marcxml/schema/MARC21slim.xsd">
   <leader>00925njm 22002777a 4500</leader>
   <datafield ind2=" " ind1=" " tag="042">
      <subfield code="a">dc</subfield>
   </datafield>
   <datafield ind2=" " ind1=" " tag="720">
      <subfield code="a">Van De Walle, Simon</subfield>
      <subfield code="e">author</subfield>
   </datafield>
   <datafield ind2=" " ind1=" " tag="720">
      <subfield code="a">Gifuni, Imma</subfield>
      <subfield code="e">author</subfield>
   </datafield>
   <datafield ind2=" " ind1=" " tag="720">
      <subfield code="a">Coleman, Bert</subfield>
      <subfield code="e">author</subfield>
   </datafield>
   <datafield ind2=" " ind1=" " tag="720">
      <subfield code="a">Baune, Marie-Christin</subfield>
      <subfield code="e">author</subfield>
   </datafield>
   <datafield ind2=" " ind1=" " tag="720">
      <subfield code="a">Rodrigues, Alexandre</subfield>
      <subfield code="e">author</subfield>
   </datafield>
   <datafield ind2=" " ind1=" " tag="720">
      <subfield code="a">Cardoso, Helena</subfield>
      <subfield code="e">author</subfield>
   </datafield>
   <datafield ind2=" " ind1=" " tag="720">
      <subfield code="a">Fanari, Fabio</subfield>
      <subfield code="e">author</subfield>
   </datafield>
   <datafield ind2=" " ind1=" " tag="720">
      <subfield code="a">Muylaert, Koenraad</subfield>
      <subfield code="e">author</subfield>
   </datafield>
   <datafield ind2=" " ind1=" " tag="720">
      <subfield code="a">Van Royen, Geert</subfield>
      <subfield code="e">author</subfield>
   </datafield>
   <datafield ind2=" " ind1=" " tag="260">
      <subfield code="c">2024-02-18</subfield>
   </datafield>
   <datafield ind2=" " ind1=" " tag="520">
      <subfield code="a">Drying is a necessary step in the microalgae production chain to reduce microbial load and oxidative degradation&#xd;
of the end product. Depending on the differences in applied temperature and treatment time, the process of&#xd;
drying can have a substantial impact on protein quality and aroma, important characteristics determining the&#xd;
incorporation potential in food products. In this study, we compared the drying of heterotrophic Chorella vulgaris&#xd;
with both innovative (agitated thin film drying (ATFD), pulse combustion drying (PCD) and solar drying (SolD))&#xd;
and commonly used drying techniques (spray drying (SprD) and freeze drying (FD)). To evaluate the impact on&#xd;
protein quality, we evaluated techno-functional properties, in vitro digestibility (INFOGEST) as well as protein&#xd;
denaturation using differential scanning calorimetry (DSC). A sensory analysis was performed by a trained expert&#xd;
panel, combined with headspace solid-phase microextraction (HS-SPME) - gas chromatography-mass spectrometry&#xd;
(GC–MS) to determine volatile organic compounds (VOCs). ATFD was found to increase technofunctional&#xd;
properties such as gelling, water holding and solubility as well as in vitro protein digestibility.&#xd;
These observations could be related to induced cell disruption and protein denaturation by ATFD. Sensory&#xd;
analysis indicated an increased earthy off-flavor after ATFD. Interestingly, the high-temperature PCD led to an&#xd;
increase in cacao odor while low-temperature FD resulted in lower flavor, odors and VOCs. These results&#xd;
demonstrate that protein quality and sensorial properties of C. vulgaris can be steered through the type of drying,&#xd;
which could help in the selection of application-specific drying methods. Overall, this work could promote the&#xd;
incorporation of microalgal single cell proteins in different innovative food products.</subfield>
   </datafield>
   <datafield ind1="8" ind2=" " tag="024">
      <subfield code="a">Van De Walle, Simon, Imma Gifuni, Bert Coleman, Marie-Christin Baune, Alexandre Rodrigues, Helena Cardoso and Fanari Fanari et al. 2024. “Innovative vs classical methods for drying heterotrophic Chlorella vulgaris: Impact on protein quality and sensory properties”. Food Research International 182 (114142).  doi:10.1016/j.foodres.2024.114142</subfield>
   </datafield>
   <datafield ind1="8" ind2=" " tag="024">
      <subfield code="a">0963-9969</subfield>
   </datafield>
   <datafield ind1="8" ind2=" " tag="024">
      <subfield code="a">http://hdl.handle.net/20.500.12327/2879</subfield>
   </datafield>
   <datafield ind1="8" ind2=" " tag="024">
      <subfield code="a">https://doi.org/10.1016/j.foodres.2024.114142</subfield>
   </datafield>
   <datafield ind2="0" ind1="0" tag="245">
      <subfield code="a">Innovative vs classical methods for drying heterotrophic Chlorella vulgaris: Impact on protein quality and sensory properties</subfield>
   </datafield>
</record></metadata></record></GetRecord></OAI-PMH>